000 004550000a22001810004500
003 LK-CoMWRAF
008 230817t ||||| |||| 00| 0 eng d
040 _aLK-CoMWRAF
_dLK-CoMWRAF
_eLK-CoMWRAF
041 _aeng
100 _aAleem, V. Kamaalutheen
245 _aThirumanamum Adan Sattangalum
_b
250 _aSecond Edition
260 _bKajiyar Book Depot
_aIndia
_c1985
300 _ap.80
650 _aIslam
650 _aTamil Text
942 _cBK
999 _c2342
_d2342